Memoria

Kaydedildi:
Detaylı Bibliyografya
Materyal Türü: Bilinmiyor
Baskı/Yayın Bilgisi: San José: Diseño Alternativo
Konular:
Etiketler: Etiketle
Etiket eklenmemiş, İlk siz ekleyin!

MARC

LEADER 00000 a2200000 04500
001 18942
003
008 991231s d
040
090 |a 144815  
245 |a Memoria  
260 |a San José:   |b Diseño Alternativo  
300 |a 199 p.  
650 |a MUJERES  
650 |a POLITICA  
650 |a PARTICIPACION POLITICA  
650 |a VOTACION  
999 |c 15484  |d 15484